000 00625nam a2200217Ii 4500
003 JO-AjNU
008 230606s9999||||xx |||||||||||||| ||und||
020 _a0-03-097487-9
040 _aJO-AjNU
_beng
_erda
_cJO-AjNU
041 _aeng
050 1 4 _aHF5635.H36 1993
100 3 _aHANSON, ERNESTI, JAMES C. HAMRE , PAUL H. WALGENBACH,
_eauthor
_96809
245 0 0 _aPRINCIPLES OF ACCOUNTING
250 _a6th ed
264 3 1 _aNew york: Dryden press,1993
300 _a812p
336 _atext
_btxt
_2rdacontent
337 _aunmediated
_bn
_2rdamedia
338 _avolume
_bnc
_2rdacarrier
650 4 _aAccounting
_96810
999 _aE3547
_c3529
_d3529